[Event "Kalyan op 2nd"]
[Site "Kalyan"]
[Date "2019.02.01"]
[Round "7"]
[White "Saurabh, Anand"]
[Black "Pingale, Shivraj Jaywant"]
[Result "1-0"]
[WhiteElo "2210"]
[BlackElo "1580"]
[PlyCount "55"]
[EventDate "2019.01.29"]
[EventType "swiss"]
[EventRounds "10"]
[EventCountry "IND"]
[SourceTitle "CBM 188 Extra"]
[Source "ChessBase"]
[SourceDate "2019.02.26"]
[SourceVersion "1"]
[SourceVersionDate "2019.02.26"]
[SourceQuality "1"]

1. e4 e6 2. d4 d5 3. Nc3 Bb4 4. e5 c5 5. a3 Bxc3+ 6. bxc3 Qa5 7. Bd2 Qa4 8. Qg4 g6 9. Nf3 Qxc2 10. dxc5 Qe4+ 11. Qxe4 dxe4 12. Ng5 f5 13. exf6 Nxf6 14. Bc4 Ke7 15. Bf4 Nc6 16. Bd6+ Ke8 17. Nxe6 Bxe6 18. Bxe6 Nd8 19. Bc4 Nf7 20. 0-0-0 a6 21. Bb3 Nxd6 22. Rxd6 Ke7 23. Rhd1 Rhd8 24. Re6+ Kf7 25. Rb6+ Kg7 26. Rxb7+ Kh6 27. Rxd8 Rxd8 28. c6 1-0

[Event "Mumbai Wealth op U13 4th"]
[Site "Mumbai"]
[Date "2019.01.07"]
[Round "9"]
[White "Adireddy, Arjun"]
[Black "Pingale, Shivraj Jaywant"]
[Result "1/2-1/2"]
[WhiteElo "1468"]
[BlackElo "1580"]
[PlyCount "75"]
[EventDate "2018.12.30"]
[EventType "swiss"]
[EventRounds "9"]
[EventCountry "IND"]
[SourceTitle "CBM 188 Extra"]
[Source "ChessBase"]
[SourceDate "2019.02.26"]
[SourceVersion "1"]
[SourceVersionDate "2019.02.26"]
[SourceQuality "1"]

1. e4 e6 2. d4 d5 3. Bd3 c5 4. exd5 exd5 5. Nf3 Nf6 6. 0-0 Be7 7. dxc5 0-0 8. Be3 Bg4 9. Nbd2 Nc6 10. c3 Ne5 11. Be2 Nxf3+ 12. Nxf3 Ne4 13. h3 Bh5 14. Qd3 Bxc5 15. Rad1 Bxe3 16. Qxe3 Nf6 17. Qf4 Qb6 18. Qb4 Qxb4 19. cxb4 Rac8 20. g4 Bg6 21. Rc1 Rfd8 22. Nd4 Ne4 23. Rfd1 f6 24. Kg2 Nd6 25. f3 Bf7 26. b3 Kf8 27. Rc5 b6 28. Rcc1 Rxc1 29. Rxc1 Rc8 30. Rxc8+ Nxc8 31. Ba6 Ne7 32. Bb5 Be8 33. Ne6+ Kf7 34. Nd8+ Kf8 35. Ne6+ Kf7 36. Nd8+ Kf8 37. Ne6+ Kf7 38. Nd8+ 1/2-1/2